000 00434nam a2200157 i 4500
001 135064
003 ES-MaACL
005 20230906194810.0
007 t|
008 070706s1903 fr ||||1| fre d
100 1 _aThomas, Félix.
_9110009
245 1 3 _aLa suggestion
_b: son rôle dans l'education /
_cpar Félix Thomas.
260 _aParis :
_bFélix Alcan,
_c1903.
300 _a148 p. ;
_c19 cm.
852 _aES-MaACL
_jF-11617
999 _c135064
_d135064